|
|
|
|
| LEADER |
02266nam a2200409 a 4500 |
| 001 |
EBC1016081 |
| 003 |
MiAaPQ |
| 005 |
20200520144314.0 |
| 006 |
m o d | |
| 007 |
cr cn||||||||| |
| 008 |
111216s2012 nyua s 001 0 eng d |
| 010 |
|
|
|z 2011051866
|
| 020 |
|
|
|z 9780415696036 (pb)
|
| 020 |
|
|
|z 9780415696029
|
| 020 |
|
|
|a 9780203112618 (electronic bk.)
|
| 035 |
|
|
|a (MiAaPQ)EBC1016081
|
| 035 |
|
|
|a (Au-PeEL)EBL1016081
|
| 035 |
|
|
|a (CaPaEBR)ebr10596398
|
| 035 |
|
|
|a (CaONFJC)MIL389817
|
| 035 |
|
|
|a (OCoLC)810077932
|
| 040 |
|
|
|a MiAaPQ
|c MiAaPQ
|d MiAaPQ
|
| 050 |
|
4 |
|a HG4028.V3
|b D3788 2012
|
| 082 |
0 |
4 |
|a 332.63/2
|2 23
|
| 100 |
1 |
|
|a Davidson, Ian,
|d 1949-
|
| 245 |
1 |
0 |
|a Principles of equity valuation
|h [electronic resource] /
|c Ian Davidson and Mark Tippett.
|
| 260 |
|
|
|a New York :
|b Routledge,
|c 2012.
|
| 300 |
|
|
|a xiv, 310 p. :
|b ill.
|
| 500 |
|
|
|a Includes index.
|
| 505 |
0 |
|
|a Introduction -- The measurement of returns on bonds, equities and other financial instruments -- The relationship between risk and return -- Alternative approaches to the relationship between risk and return -- Returns and the capital structure of the firm -- The relationship between equity value, dividends and other cash flow streams -- The relationship between book (accounting) rates of return and the cost of capital for firms and capital projects -- Statistical foundations : first order stochastic differential equations -- Statistical foundations : systems of and higher order stochastic differential equations -- Equity valuation : a canonical model -- Equity valuation : non-linearities and scaling -- Equity valuation : multi-variable investment opportunity sets -- Equity valuation : higher order investment opportunity sets, momentum and acceleration.
|
| 533 |
|
|
|a Electronic reproduction. Ann Arbor, MI : ProQuest, 2015. Available via World Wide Web. Access may be limited to ProQuest affiliated libraries.
|
| 650 |
|
0 |
|a Corporations
|x Valuation.
|
| 650 |
|
0 |
|a Business enterprises
|x Valuation.
|
| 650 |
|
0 |
|a Investment analysis.
|
| 655 |
|
4 |
|a Electronic books.
|
| 700 |
1 |
|
|a Tippett, Mark,
|d 1949-
|
| 710 |
2 |
|
|a ProQuest (Firm)
|
| 856 |
4 |
0 |
|u https://ebookcentral.proquest.com/lib/matrademy/detail.action?docID=1016081
|z Click to View
|